[Event "NAYCC U14"]
[Site "Kingston CAN"]
[Date "2019.08.18"]
[Round "5.136"]
[White "De Costa, Benjamin"]
[Black "Yang, Henry"]
[Result "1-0"]
[WhiteElo "1332"]
[BlackElo "1527"]
[PlyCount "143"]
[EventDate "2019.08.16"]
[EventType "swiss"]
[EventRounds "9"]
[EventCountry "CAN"]

1. d4 d5 2. c4 e6 3. Nc3 Nf6 4. Bg5 Be7 5. Nf3 O-O 6. e3 Nbd7 7. Bd3 b6 8. cxd5
exd5 9. Rc1 Bb7 10. O-O h6 11. Bf4 c5 12. Qe2 Nh5 13. Bg3 Nxg3 14. hxg3 Nf6 15.
Rfd1 Rc8 16. Bf5 Rb8 17. Bb1 Rc8 18. Bf5 Rb8 19. Ne5 a6 20. Nf3 Qc7 21. dxc5
bxc5 22. b3 Rfd8 23. Bd3 Qa5 24. Qe1 Ne4 25. Na4 Qxe1+ 26. Rxe1 Rbc8 27. Red1
Kf8 28. Nb6 Rc7 29. Bxe4 dxe4 30. Rxd8+ Bxd8 31. Ne5 Bf6 32. Ned7+ Ke8 33.
Nxf6+ gxf6 34. Na4 Ke7 35. Rxc5 Rd7 36. Nb6 Rd1+ 37. Kh2 Kd6 38. Rc2 h5 39.
Nc4+ Kd5 40. Rd2+ Rxd2 41. Nxd2 Bc8 42. Kg1 f5 43. Kf1 Kc5 44. a3 Be6 45. Ke1
a5 46. Kd1 Bd5 47. Kc2 Be6 48. Kc3 Bd5 49. Kb2 Be6 50. Nb1 Bd5 51. Nc3 Bc6 52.
Ne2 f6 53. Nf4 Be8 54. Kc3 Bf7 55. b4+ axb4+ 56. axb4+ Kb5 57. Kd4 Kxb4 58.
Nd5+ Bxd5 59. Kxd5 Kc3 60. Ke6 Kd3 61. Kxf6 Ke2 62. Kxf5 Kxf2 63. Kf4 Kxg2 64.
g4 h4 65. g5 h3 66. g6 h2 67. g7 h1=Q 68. g8=Q+ Kf1 69. Qc4+ Kg2 70. Qe2+ Kg1
71. Qe1+ Kg2 72. Qxh1+ 1-0

[Event "NAYCC U14"]
[Site "Kingston CAN"]
[Date "2019.08.18"]
[Round "5.137"]
[White "Li, Wing"]
[Black "Liu, Harrison"]
[Result "0-1"]
[WhiteElo "1619"]
[BlackElo "1684"]
[PlyCount "68"]
[EventDate "2019.08.16"]
[EventType "swiss"]
[EventRounds "9"]
[EventCountry "CAN"]

1. d4 Nf6 2. c4 g6 3. g3 Bg7 4. Bg2 d5 5. Nf3 O-O 6. O-O c5 7. dxc5 Nc6 8. Nc3
d4 9. Nb5 e5 10. Nd6 Nd7 11. Nd2 Nxc5 12. Nxc8 Rxc8 13. Ne4 Nxe4 14. Bxe4 f5
15. Bg2 e4 16. Bd2 Qb6 17. Qb3 Qa6 18. Rac1 Rfd8 19. a3 Kh8 20. Bg5 Rd7 21. Qb5
h6 22. Bd2 Rdc7 23. Bf4 Qxb5 24. cxb5 Ne5 25. Rxc7 Rxc7 26. h4 Rc2 27. b3 Rxe2
28. Rc1 d3 29. Rc8+ Kh7 30. Rc7 d2 31. Bxe5 d1=Q+ 32. Bf1 Kg8 33. Rxg7+ Kf8 34.
Bc3 Rc2 0-1

[Event "NAYCC U14"]
[Site "Kingston CAN"]
[Date "2019.08.18"]
[Round "5.138"]
[White "Yoker, Callum"]
[Black "Clarke, Adam"]
[Result "1-0"]
[WhiteElo "1345"]
[BlackElo "1072"]
[PlyCount "55"]
[EventDate "2019.08.16"]
[EventType "swiss"]
[EventRounds "9"]
[EventCountry "CAN"]

1. d4 d5 2. e4 dxe4 3. Nc3 Nf6 4. f3 c5 5. d5 e6 6. Bb5+ Bd7 7. dxe6 Bxb5 8.
exf7+ Kxf7 9. Qxd8 exf3 10. Nxf3 Bc6 11. Ne5+ Kg8 12. Nxc6 bxc6 13. O-O h6 14.
Ne4 Nfd7 15. Nxc5 Nf6 16. Ne6 Kh7 17. Nxf8+ Rxf8 18. Qxf8 a6 19. Rxf6 gxf6 20.
Bxh6 Ra7 21. Qxb8 Rf7 22. Qf4 Kg8 23. Re1 f5 24. Re8+ Kh7 25. Qg5 c5 26. Rg8 a5
27. Rg7+ Rxg7 28. Qxg7# 1-0

[Event "NAYCC U14"]
[Site "Kingston CAN"]
[Date "2019.08.18"]
[Round "5.140"]
[White "Ouellette, Alex"]
[Black "He, Jinglai"]
[Result "1/2-1/2"]
[WhiteElo "1393"]
[BlackElo "1398"]
[PlyCount "40"]
[EventDate "2019.08.16"]
[EventType "swiss"]
[EventRounds "9"]
[EventCountry "CAN"]

1. e4 c5 2. Nf3 d6 3. d4 cxd4 4. Nxd4 Nf6 5. Nc3 a6 6. Be3 e6 7. f3 Be7 8. Qd2
Qc7 9. g4 h6 10. O-O-O b5 11. Kb1 Nc6 12. h4 Bd7 13. Bh3 e5 14. Nf5 Bxf5 15.
gxf5 Na5 16. Nd5 Nxd5 17. Qxd5 Qc6 18. Bf1 Rc8 19. Qxc6+ Rxc6 20. Bd3 Nc4
1/2-1/2

[Event "NAYCC U14"]
[Site "Kingston CAN"]
[Date "2019.08.18"]
[Round "5.141"]
[White "Albury, Noah"]
[Black "Wei, Hunter"]
[Result "0-1"]
[WhiteElo "1508"]
[BlackElo "1530"]
[PlyCount "96"]
[EventDate "2019.08.16"]
[EventType "swiss"]
[EventRounds "9"]
[EventCountry "CAN"]

1. e4 e5 2. Nf3 Nc6 3. Bc4 Bc5 4. O-O Nf6 5. d3 h6 6. Be3 Bb6 7. Bxb6 axb6 8.
Re1 O-O 9. c3 d6 10. h3 Ne7 11. d4 exd4 12. cxd4 Ng6 13. Nc3 c6 14. Bd3 Be6 15.
Qc2 Nf4 16. Qd2 N6h5 17. Kf1 Qd7 18. Re3 Bxh3 19. gxh3 Qxh3+ 20. Ke1 Ng2+ 21.
Kd1 Nxe3+ 22. Qxe3 Rfe8 23. Kc2 Nf6 24. Bf1 Qd7 25. Qd3 Re7 26. Re1 b5 27. a3
g5 28. e5 dxe5 29. Nxe5 Qd6 30. Bg2 Nd7 31. Nf3 Rxe1 32. Nxe1 Qf4 33. Qe3 Qxe3
34. fxe3 f5 35. Ne2 Re8 36. Kd2 Kg7 37. Nc2 Kg6 38. Ng3 h5 39. Ke2 h4 40. Nxf5
Kxf5 41. Kf3 g4+ 42. Kf2 Kg5 43. Ne1 h3 44. Bh1 Kh4 45. Ke2 Nf6 46. b4 Ne4 47.
Bxe4 Rxe4 48. Kd3 h2 0-1

[Event "NAYCC U14"]
[Site "Kingston CAN"]
[Date "2019.08.18"]
[Round "5.142"]
[White "Trey, Justin"]
[Black "Wang, Edward"]
[Result "1-0"]
[WhiteElo "1419"]
[BlackElo "1111"]
[PlyCount "87"]
[EventDate "2019.08.16"]
[EventType "swiss"]
[EventRounds "9"]
[EventCountry "CAN"]

1. d4 d5 2. c4 c6 3. cxd5 cxd5 4. Nf3 Nc6 5. Nc3 Bf5 6. Bf4 e6 7. e3 Bd6 8. Bg3
Nf6 9. Qb3 Bxg3 10. hxg3 Qe7 11. Nh4 Bg6 12. Nxg6 fxg6 13. Be2 O-O 14. O-O Nd8
15. Rac1 a6 16. Na4 Ne4 17. Rc2 Nf7 18. Kh2 b5 19. Nc5 Nxc5 20. Rxc5 Nd6 21.
Bd3 g5 22. Qc2 h5 23. Rc7 Qf6 24. Qe2 g4 25. a4 Nc4 26. b3 Nd6 27. axb5 axb5
28. Bxb5 h4 29. Bd3 hxg3+ 30. Kxg3 Ra3 31. Rc6 Rd8 32. b4 Rb3 33. b5 Kf8 34. b6
g6 35. Rb1 Rxd3 36. Rxd6 Rxd6 37. b7 Rc3 38. b8=Q+ Rd8 39. Qb4+ Kg7 40. Qxc3
Rh8 41. Qc7+ Kh6 42. Rh1+ Qh4+ 43. Rxh4+ Kg5 44. Qf4# 1-0

[Event "NAYCC U14"]
[Site "Kingston CAN"]
[Date "2019.08.18"]
[Round "5.112"]
[White "Wu, Tony (Dongze)"]
[Black "Doknjas, Neil"]
[Result "1/2-1/2"]
[WhiteElo "2127"]
[BlackElo "2083"]
[PlyCount "113"]
[EventDate "2019.08.16"]
[EventType "swiss"]
[EventRounds "9"]
[EventCountry "CAN"]

1. d4 d5 2. Nf3 Nf6 3. g3 c5 4. c4 dxc4 5. Bg2 Nc6 6. Qa4 Bd7 7. Qxc4 b5 8.
Qxc5 e5 9. Qc2 e4 10. Ng5 Nxd4 11. Qd1 Bf5 12. Be3 Bb4+ 13. Nc3 Bxc3+ 14. bxc3
Ne6 15. Qxd8+ Nxd8 16. Bd4 Rc8 17. Rc1 h6 18. Bxf6 hxg5 19. Bxg7 Rh7 20. Bd4 a6
21. f3 exf3 22. Bxf3 Be6 23. O-O Bxa2 24. Ra1 Bc4 25. Rxa6 b4 26. Ra8 Rxa8 27.
Bxa8 b3 28. Be4 Rh6 29. Bd3 Bxd3 30. exd3 Rd6 31. Rb1 Ne6 32. Rxb3 Nxd4 33.
cxd4 Rxd4 34. Kf2 Ke7 35. Ke3 Ra4 36. Rb2 f5 37. h3 f4+ 38. gxf4 Rxf4 39. Rg2
Rh4 40. Rxg5 Rxh3+ 41. Ke4 Rh6 42. d4 Kd8 43. Rg7 Rh4+ 44. Ke5 Rh6 45. Kd5 Rh5+
46. Kc6 Rh6+ 47. Kc5 Rh5+ 48. d5 Rh6 49. Ra7 Rg6 50. Kd4 Rh6 51. Ke5 Rb6 52.
Rf7 Ra6 53. Rb7 Rh6 54. Rf7 Ra6 55. Rf5 Kd7 56. Rh5 Kd8 57. Rh7 1/2-1/2

[Event "NAYCC U14"]
[Site "Kingston CAN"]
[Date "2019.08.18"]
[Round "5.113"]
[White "Putnam, Liam Henry"]
[Black "Tanaka, Tyler"]
[Result "1/2-1/2"]
[WhiteElo "2252"]
[BlackElo "2227"]
[PlyCount "103"]
[EventDate "2019.08.16"]
[EventType "swiss"]
[EventRounds "9"]
[EventCountry "CAN"]

1. e4 c5 2. Nf3 d6 3. d4 cxd4 4. Nxd4 Nf6 5. f3 Nc6 6. c4 g6 7. Nc3 Bg7 8. Be3
O-O 9. Qd2 Bd7 10. Rc1 Nxd4 11. Bxd4 a5 12. Be2 Bc6 13. O-O Nd7 14. Rfd1 Bxd4+
15. Qxd4 a4 16. b4 axb3 17. axb3 Qa5 18. Rb1 Qb4 19. Qd2 Rfc8 20. Nd5 Qxd2 21.
Rxd2 Bxd5 22. exd5 Ra3 23. Bf1 Rca8 24. Re2 Kf8 25. b4 Ra1 26. Rxa1 Rxa1 27.
Rc2 b6 28. Kf2 Rb1 29. b5 Ra1 30. Be2 Kg7 31. f4 h6 32. Rc3 Nc5 33. Re3 Kf6 34.
h4 h5 35. g3 Ra2 36. Kf3 Rb2 37. Bd1 Rb1 38. Be2 Rb3 39. Kf2 Rxe3 40. Kxe3 Kg7
41. Bf3 Nd7 42. Kd4 Nf6 43. Ke3 Ne8 44. Kd4 Kf6 45. Ke3 Ng7 46. Be2 Nf5+ 47.
Kf2 Nh6 48. Bd3 Nf5 49. Kf3 Nd4+ 50. Ke3 Nb3 51. Bc2 Nc5 52. Kd4 1/2-1/2

[Event "NAYCC U14"]
[Site "Kingston CAN"]
[Date "2019.08.18"]
[Round "5.114"]
[White "Zong, Davis"]
[Black "Hu, Merric"]
[Result "0-1"]
[WhiteElo "2263"]
[BlackElo "2215"]
[PlyCount "78"]
[EventDate "2019.08.16"]
[EventType "swiss"]
[EventRounds "9"]
[EventCountry "CAN"]

1. d4 Nf6 2. c4 g6 3. Nc3 Bg7 4. e4 d6 5. h3 O-O 6. Nf3 e5 7. d5 Nh5 8. Be3 a5
9. g3 Na6 10. Bg2 Qe8 11. O-O f5 12. exf5 gxf5 13. Ng5 f4 14. gxf4 exf4 15. Bd4
Qg6 16. Bxg7 Nxg7 17. Nce4 h6 18. h4 hxg5 19. Nxg5 Bf5 20. Qd4 Qh5 21. Qxf4 Bd3
22. Qg3 Bxf1 23. Ne6 Rf7 24. Rxf1 Nc5 25. Nxc5 dxc5 26. d6 c6 27. Re1 Rd8 28.
Bh3 Kh7 29. Bg4 Qg6 30. d7 Nf5 31. Bxf5 Rxf5 32. Re7+ Kh6 33. Re8 Qxg3+ 34.
fxg3 Rxd7 35. Kg2 Rd2+ 36. Kh3 Rxb2 37. Re6+ Kg7 38. Kg4 Rf6 39. Re7+ Rf7 0-1

[Event "NAYCC U14"]
[Site "Kingston CAN"]
[Date "2019.08.18"]
[Round "5.115"]
[White "Kang, Dorian"]
[Black "Modi, Ethan"]
[Result "1-0"]
[WhiteElo "2209"]
[BlackElo "1980"]
[PlyCount "69"]
[EventDate "2019.08.16"]
[EventType "swiss"]
[EventRounds "9"]
[EventCountry "CAN"]

1. e4 c6 2. d4 d5 3. exd5 cxd5 4. Bd3 Nc6 5. c3 Nf6 6. Bf4 Bg4 7. Qb3 Qd7 8.
Nd2 e6 9. Ngf3 Bd6 10. Bxd6 Qxd6 11. O-O Qc7 12. Rae1 O-O 13. Ne5 Bh5 14. f4
Ne7 15. Qc2 Rab8 16. Re3 Bg6 17. Bxg6 hxg6 18. Rh3 Nf5 19. Qd3 Rfc8 20. g4 Nd6
21. Qg3 Kf8 22. Qh4 Ke7 23. Re3 Rh8 24. Qe1 Nfe4 25. Nxe4 Nxe4 26. f5 gxf5 27.
gxf5 Rh6 28. fxe6 f6 29. c4 Rbh8 30. h4 Nd6 31. Rg3 Ke8 32. Nf7 Nxf7 33. Rxg7
Rxh4 34. exf7+ Kf8 35. Rg8+ 1-0

[Event "NAYCC U14"]
[Site "Kingston CAN"]
[Date "2019.08.18"]
[Round "5.116"]
[White "Oberoi, Shelev"]
[Black "Lu, Jason"]
[Result "1-0"]
[WhiteElo "2140"]
[BlackElo "2161"]
[PlyCount "79"]
[EventDate "2019.08.16"]
[EventType "swiss"]
[EventRounds "9"]
[EventCountry "CAN"]

1. e4 c5 2. Nf3 d6 3. d4 cxd4 4. Qxd4 Nc6 5. Qe3 Nf6 6. h3 g6 7. c4 Bg7 8. Nc3
O-O 9. Be2 a6 10. O-O Bd7 11. Rb1 Ne5 12. Nxe5 dxe5 13. Qc5 Bc6 14. Rd1 Qb8 15.
Bf3 Re8 16. b4 Nd7 17. Qe3 b5 18. a4 Rd8 19. cxb5 axb5 20. a5 Qb7 21. Qd3 Nf8
22. Qxd8 Rxd8 23. Rxd8 Qc7 24. Rd1 Ne6 25. Be3 Nd4 26. Rbc1 Qb7 27. Nd5 Kf8 28.
Bxd4 exd4 29. e5 Bxe5 30. Nb6 Bxf3 31. gxf3 Qxf3 32. Nd7+ Kg7 33. Nxe5 Qxh3 34.
a6 d3 35. a7 d2 36. Rxd2 Qh6 37. Rcc2 Qg5+ 38. Kf1 Qh5 39. a8=Q Qh1+ 40. Qxh1
1-0

[Event "NAYCC U14"]
[Site "Kingston CAN"]
[Date "2019.08.18"]
[Round "5.117"]
[White "Li, Weijie"]
[Black "Zheng, Richard Qinghe"]
[Result "0-1"]
[WhiteElo "2022"]
[BlackElo "2180"]
[PlyCount "122"]
[EventDate "2019.08.16"]
[EventType "swiss"]
[EventRounds "9"]
[EventCountry "CAN"]

1. d4 d5 2. Nf3 Nf6 3. c4 c6 4. e3 e6 5. b3 Ne4 6. Bb2 Nd7 7. Bd3 f5 8. O-O Bd6
9. Ne5 Nxe5 10. dxe5 Bc5 11. Bd4 Bxd4 12. exd4 O-O 13. f4 Qb6 14. Bxe4 dxe4 15.
Na3 Rd8 16. Nc2 Qc7 17. Rf2 Qf7 18. Rd2 b6 19. Ne3 Bb7 20. b4 Rd7 21. Qb3 Rad8
22. Rad1 h6 23. h4 Qh5 24. d5 Qxh4 25. d6 c5 26. bxc5 bxc5 27. Rf2 g5 28. fxg5
f4 29. gxh6 Rh7 30. Rdf1 Qxh6 31. Rxf4 Qh2+ 32. Kf2 Qxf4+ 33. Ke2 Qxe5 34. Ng4
Qxd6 35. Nf6+ Kh8 36. Qb2 Qd3+ 37. Kf2 Qd2+ 38. Qxd2 Rxd2+ 39. Ke1 Rxg2 40.
Nxh7 Kxh7 41. Rf7+ Rg7 42. Rf6 Re7 43. Rf4 Kg6 44. Kd2 Rd7+ 45. Kc3 Rd3+ 46.
Kc2 Rd4 47. Rg4+ Kf6 48. Kc3 e3 49. Rg3 e2 50. Re3 Re4 51. Rxe4 Bxe4 52. Kd2
Bd3 53. a4 Bxc4 54. a5 Ke5 55. Ke1 Ke4 56. Kd2 Kf3 57. a6 Kf2 58. Kc2 e1=Q 59.
Kb2 Qd2+ 60. Kb1 Bb3 61. Ka1 Qa2# 0-1

[Event "NAYCC U14"]
[Site "Kingston CAN"]
[Date "2019.08.18"]
[Round "5.118"]
[White "Wu, Eric"]
[Black "Tu, Lewis"]
[Result "0-1"]
[WhiteElo "2080"]
[BlackElo "1937"]
[PlyCount "126"]
[EventDate "2019.08.16"]
[EventType "swiss"]
[EventRounds "9"]
[EventCountry "CAN"]

1. e4 c5 2. Nf3 d6 3. d4 cxd4 4. Nxd4 Nf6 5. Nc3 a6 6. Be3 e5 7. Nb3 Be6 8. f3
h5 9. Qd2 Nbd7 10. O-O-O Rc8 11. Kb1 Be7 12. Rg1 g6 13. Be2 b5 14. g3 Nb6 15.
Na5 Nc4 16. Bxc4 Qxa5 17. Bxe6 fxe6 18. Bh6 b4 19. Ne2 Qb5 20. Bg7 Rh7 21. Bxf6
Bxf6 22. Qxd6 Qc4 23. b3 Qxc2+ 24. Ka1 Qc6 25. Qxb4 Rb7 26. Qd2 Qc2 27. Qe3 Qc5
28. Qh6 Kf7 29. Rc1 Qf8 30. Qxf8+ Rxf8 31. Rgd1 Be7 32. Kb2 Bb4 33. Rc6 Ra7 34.
a3 Be7 35. Nc3 Kg7 36. Rd3 Rf6 37. h3 Bf8 38. Nb1 a5 39. Nd2 Kh6 40. Nc4 Bg7
41. Kc2 h4 42. g4 Kg5 43. Nxe5 Kf4 44. g5 Kxg5 45. Kd2 Kf4 46. Ng4 Rff7 47.
Rxe6 g5 48. a4 Kg3 49. Ke2 Kxh3 50. Nf2+ Kg2 51. Rg6 Bf6 52. Ng4 Be7 53. Ne5
Rh7 54. Ng4 h3 55. Rd1 h2 56. Ne3+ Kg3 57. Rh1 Rb7 58. Rc6 Rxb3 59. Nf1+ Kg2
60. Rc1 Rb2+ 61. Kd3 Rb3+ 62. Ke2 Ba3 63. Rd1 Rb2+ 0-1

[Event "NAYCC U14"]
[Site "Kingston CAN"]
[Date "2019.08.18"]
[Round "5.119"]
[White "Rusonik, Max"]
[Black "Wang, Paul"]
[Result "1-0"]
[WhiteElo "2180"]
[BlackElo "1977"]
[PlyCount "119"]
[EventDate "2019.08.16"]
[EventType "swiss"]
[EventRounds "9"]
[EventCountry "CAN"]

1. e4 e5 2. Nf3 Nc6 3. Bc4 Bc5 4. b4 Bxb4 5. c3 Ba5 6. d4 exd4 7. O-O Nf6 8. e5
d5 9. exf6 dxc4 10. fxg7 Rg8 11. Re1+ Be6 12. Bg5 Qd6 13. Nbd2 Rxg7 14. Nxc4
Qd5 15. Nxa5 Qxa5 16. h4 Qd5 17. cxd4 Kd7 18. Qa4 Rag8 19. Re5 Qc4 20. Qxc4
Bxc4 21. Rc5 Be2 22. Ne5+ Nxe5 23. Rxe5 h6 24. Rxe2 hxg5 25. h5 g4 26. Rb1 Rg5
27. Rxb7 Rxh5 28. Rc2 Re8 29. Rbxc7+ Kd8 30. Rc8+ Kd7 31. R2c7+ Kd6 32. Rxe8
Kxc7 33. Re7+ Kb6 34. Rxf7 g3 35. fxg3 Ra5 36. Rf2 Kc6 37. g4 Ra4 38. Rd2 Kd5
39. Kf2 Ra3 40. g5 Rc3 41. g4 Rc8 42. Kg3 Rg8 43. Kf4 Rf8+ 44. Ke3 Re8+ 45. Kf4
Rf8+ 46. Kg3 Rg8 47. g6 Rxg6 48. Kf4 Rf6+ 49. Kg5 Rf1 50. Kg6 Rb1 51. g5 a5 52.
Kh6 Rb6+ 53. g6 a4 54. Kh7 Rb1 55. Rh2 Kxd4 56. g7 Rb7 57. Kh8 Rxg7 58. Kxg7
Kc3 59. Kf6 Kb4 60. Rh3 1-0

[Event "NAYCC U14"]
[Site "Kingston CAN"]
[Date "2019.08.18"]
[Round "5.120"]
[White "England, Max"]
[Black "Zhang, Kevin2"]
[Result "1-0"]
[WhiteElo "1998"]
[BlackElo "1795"]
[PlyCount "77"]
[EventDate "2019.08.16"]
[EventType "swiss"]
[EventRounds "9"]
[EventCountry "CAN"]

1. e4 c5 2. Nf3 Nc6 3. d4 cxd4 4. Nxd4 g6 5. c4 Nf6 6. Nc3 Nxd4 7. Qxd4 d6 8.
Be2 Bg7 9. Be3 O-O 10. Qd2 Be6 11. Rc1 Rc8 12. b3 a6 13. f3 Nd7 14. O-O Ne5 15.
f4 Nc6 16. f5 Bd7 17. Nd5 Ne5 18. Bb6 Qe8 19. f6 exf6 20. Nxf6+ Bxf6 21. Rxf6
Rc6 22. Rxd6 Qe7 23. Rd1 Qh4 24. Qe3 f5 25. Rxc6 Bxc6 26. exf5 Rxf5 27. Bd4 Ng4
28. Qe6+ Kf8 29. Bxg4 Qxg4 30. Bc5+ Kg7 31. Qe7+ Rf7 32. Qe5+ Rf6 33. Rd2 Qf4
34. Qe1 Rf7 35. Be3 Qf5 36. Qa1+ Kf8 37. Qh8+ Ke7 38. Qd8+ Ke6 39. Qd6# 1-0

[Event "NAYCC U14"]
[Site "Kingston CAN"]
[Date "2019.08.18"]
[Round "5.121"]
[White "Zhao, Jeffrey Renfei"]
[Black "Li, Dennis"]
[Result "1/2-1/2"]
[WhiteElo "1999"]
[BlackElo "2151"]
[PlyCount "70"]
[EventDate "2019.08.16"]
[EventType "swiss"]
[EventRounds "9"]
[EventCountry "CAN"]

1. e4 c5 2. Nf3 d6 3. d4 cxd4 4. Nxd4 Nf6 5. Nc3 g6 6. Be3 Bg7 7. f3 a6 8. Qd2
h5 9. a4 Nbd7 10. Be2 b6 11. O-O Bb7 12. Rad1 Rc8 13. Rfe1 Ne5 14. b3 O-O 15.
Bg5 Nh7 16. Be3 Nf6 17. Bg5 Nh7 18. Bh4 Bf6 19. Bf2 e6 20. f4 Nd7 21. Bc4 Qc7
22. Re2 Rfd8 23. Rde1 Nhf8 24. Qe3 Bg7 25. Bh4 Re8 26. Qd2 Bh6 27. Bg3 e5 28.
Nf3 Ne6 29. Bxe6 fxe6 30. Nd1 Nc5 31. Nf2 Rf8 32. Nh3 Rcd8 33. Nhg5 exf4 34.
Bxf4 e5 35. Be3 Rf6 1/2-1/2

[Event "NAYCC U14"]
[Site "Kingston CAN"]
[Date "2019.08.18"]
[Round "5.122"]
[White "Huang, Ryan"]
[Black "Gao, Raymond"]
[Result "1-0"]
[WhiteElo "2024"]
[BlackElo "2136"]
[PlyCount "139"]
[EventDate "2019.08.16"]
[EventType "swiss"]
[EventRounds "9"]
[EventCountry "CAN"]

1. d4 Nf6 2. c4 c5 3. d5 b5 4. cxb5 a6 5. f3 e6 6. e4 exd5 7. e5 Qe7 8. Qe2 Ng8
9. Nc3 Bb7 10. Nh3 d4 11. Ne4 Bxe4 12. Qxe4 d5 13. Qxd5 Ra7 14. Bf4 Qe6 15. Qe4
Ne7 16. bxa6 Qc6 17. Qxc6+ Nexc6 18. Bb5 Be7 19. e6 O-O 20. exf7+ Kxf7 21. Rc1
Nb4 22. O-O Kg8 23. Rfe1 N4xa6 24. a4 Bf6 25. b3 Nd7 26. g3 Nb4 27. Nf2 Na2 28.
Rc2 Nc3 29. Bc4+ Kh8 30. Kf1 Nb6 31. Be6 c4 32. bxc4 Rxa4 33. c5 Nbd5 34. Bxd5
Nxd5 35. c6 g5 36. Rc5 gxf4 37. Rxd5 fxg3 38. hxg3 Rc4 39. Re6 Rc1+ 40. Kg2 Rf7
41. Rd7 Kg7 42. Ne4 Rc2+ 43. Kh3 Rxd7 44. cxd7 Bd8 45. Re8 Ba5 46. d8=Q Bxd8
47. Rxd8 Rc4 48. Ng5 Kf6 49. f4 h6 50. Nf3 Rc3 51. Ne5 Rc1 52. Rxd4 h5 53. Rd6+
Kg7 54. Rg6+ Kh7 55. Kh4 Rh1+ 56. Kg5 h4 57. Rh6+ Kg7 58. Rxh4 Rg1 59. g4 Ra1
60. f5 Ra5 61. Nc6 Ra6 62. Nd4 Kg8 63. Ne6 Rb6 64. Rh6 Ra6 65. Rf6 Ra4 66. Rg6+
Kh8 67. Kf6 Ra6 68. g5 Kh7 69. Rg7+ Kh8 70. Rd7 1-0

[Event "NAYCC U14"]
[Site "Kingston CAN"]
[Date "2019.08.18"]
[Round "5.123"]
[White "Zhang, Samuel"]
[Black "Wang, Oscar"]
[Result "1-0"]
[WhiteElo "2048"]
[BlackElo "1787"]
[PlyCount "87"]
[EventDate "2019.08.16"]
[EventType "swiss"]
[EventRounds "9"]
[EventCountry "CAN"]

1. e4 c5 2. Nf3 Nc6 3. d4 cxd4 4. Nxd4 g6 5. Nc3 Bg7 6. Nde2 Nf6 7. g3 O-O 8.
Bg2 d6 9. O-O a6 10. h3 Bd7 11. a4 Qc8 12. Kh2 h5 13. f4 Rd8 14. Be3 Rf8 15. a5
Nb4 16. Qd2 e6 17. e5 dxe5 18. fxe5 Nfd5 19. Bh6 Rd8 20. Bxg7 Kxg7 21. Qg5 Rf8
22. Ne4 Be8 23. Nf6 Rh8 24. Nf4 Nxf4 25. Rxf4 Nd5 26. Bxd5 exd5 27. Raf1 Qxc2+
28. R1f2 Qc6 29. Nxe8+ Qxe8 30. Rxf7+ Qxf7 31. Rxf7+ Kxf7 32. Qf6+ Kg8 33.
Qxg6+ Kf8 34. Qf6+ Kg8 35. e6 Rh7 36. e7 Rg7 37. Qe6+ Kh7 38. e8=Q Rxe8 39.
Qxe8 Kh6 40. Qe6+ Rg6 41. Qxd5 Rc6 42. g4 Rc2+ 43. Kg3 hxg4 44. hxg4 1-0

[Event "NAYCC U14"]
[Site "Kingston CAN"]
[Date "2019.08.18"]
[Round "5.124"]
[White "Ivanescu, Mark"]
[Black "Hua, Charles"]
[Result "0-1"]
[WhiteElo "1985"]
[BlackElo "2062"]
[PlyCount "82"]
[EventDate "2019.08.16"]
[EventType "swiss"]
[EventRounds "9"]
[EventCountry "CAN"]

1. d4 Nf6 2. Nf3 g6 3. Bf4 Bg7 4. e3 O-O 5. h3 d6 6. Bh2 Nbd7 7. Be2 e6 8. c4
Qe7 9. Nc3 e5 10. O-O c5 11. Re1 b6 12. Qc2 Bb7 13. Rad1 Rac8 14. Nb5 Ne4 15.
Nxa7 Ra8 16. Nb5 f5 17. d5 Nb8 18. a3 Ba6 19. Qb3 g5 20. Bd3 g4 21. hxg4 Nxf2
22. Kxf2 fxg4 23. Ke2 Bxb5 24. cxb5 e4 25. Ng1 exd3+ 26. Kxd3 Qf6 27. Kc2 g3
28. Bxg3 Qg6+ 29. e4 c4 30. Qe3 c3 31. b3 Rxa3 32. Ra1 Rxa1 33. Rxa1 Bh6 34.
Qd3 Nd7 35. b4 Bg7 36. Ra7 Ne5 37. Qe3 Bh6 38. Qxc3 Qxe4+ 39. Kb3 Qxd5+ 40. Ka3
Nc4+ 41. Kb3 Na5+ 0-1

[Event "NAYCC U14"]
[Site "Kingston CAN"]
[Date "2019.08.18"]
[Round "5.125"]
[White "Windram, James"]
[Black "Joseph Benher, Savio"]
[Result "1-0"]
[WhiteElo "2064"]
[BlackElo "2033"]
[PlyCount "141"]
[EventDate "2019.08.16"]
[EventType "swiss"]
[EventRounds "9"]
[EventCountry "CAN"]

1. e4 e6 2. Nf3 d5 3. Nc3 Nf6 4. e5 Nfd7 5. d4 a6 6. a3 c5 7. dxc5 Bxc5 8. Bd3
h6 9. h4 O-O 10. Rh3 Nc6 11. Rg3 Ndxe5 12. Bxh6 Ng6 13. Bxg6 fxg6 14. Rxg6 Kh7
15. h5 gxh6 16. Qd2 Rf4 17. Qxf4 Qf8 18. Qxf8 Bxf8 19. O-O-O Bd7 20. Ne4 Bg7
21. Nf6+ Bxf6 22. Rxf6 Kg7 23. Rg6+ Kh7 24. c4 Ne7 25. Rf6 Kg7 26. Rf4 Be8 27.
g4 Rc8 28. Ne5 b5 29. b3 a5 30. Kb2 bxc4 31. bxc4 Nc6 32. Nxc6 Bxc6 33. cxd5
Bxd5 34. Rd3 Rb8+ 35. Kc1 Rc8+ 36. Kd2 Rb8 37. Rc3 Rb7 38. Ra4 Rb5 39. Rc7+ Kf6
40. Rh7 Rb2+ 41. Kc1 Rxf2 42. Rxh6+ Ke7 43. Rxa5 Rg2 44. Rg6 Be4 45. Ra7+ Kd6
46. Rgg7 Ke5 47. Rad7 Kf4 48. Rd2 Rg1+ 49. Kb2 Ke3 50. Rd6 e5 51. h6 Rb1+ 52.
Kc3 Rc1+ 53. Kb4 Rb1+ 54. Ka5 Rh1 55. g5 Kf4 56. Rf6+ Kg4 57. Rff7 Bf5 58. h7
e4 59. g6 e3 60. Re7 Kf3 61. Rgf7 Kg4 62. Rxf5 Kxf5 63. g7 Rxh7 64. Rf7+ Ke6
65. g8=Q Rxf7 66. Qg6+ Rf6 67. Qe4+ Kd6 68. Qxe3 Rf7 69. Kb6 Kd7 70. Qe5 Rf2
71. Qd4+ 1-0

[Event "NAYCC U14"]
[Site "Kingston CAN"]
[Date "2019.08.18"]
[Round "5.126"]
[White "Zhou, Skyler"]
[Black "Liu, Harry"]
[Result "1/2-1/2"]
[WhiteElo "1851"]
[BlackElo "1735"]
[PlyCount "46"]
[EventDate "2019.08.16"]
[EventType "swiss"]
[EventRounds "9"]
[EventCountry "CAN"]

1. d4 Nf6 2. c4 e6 3. Nc3 Bb4 4. f3 Bxc3+ 5. bxc3 d6 6. e4 c5 7. Bf4 Nc6 8. d5
exd5 9. cxd5 Ne7 10. Qa4+ Bd7 11. Bb5 Qc7 12. Rb1 a6 13. Bxd7+ Nxd7 14. c4 O-O
15. Ne2 Ng6 16. O-O Nxf4 17. Nxf4 Rfb8 18. Qb3 b5 19. a4 b4 20. Nd3 Re8 21.
Rfe1 Ne5 22. Nxe5 Rxe5 23. Rb2 Rae8 1/2-1/2

[Event "NAYCC U14"]
[Site "Kingston CAN"]
[Date "2019.08.18"]
[Round "5.127"]
[White "Wu, Lucian"]
[Black "Chakkoli, Anirud"]
[Result "1-0"]
[WhiteElo "1832"]
[BlackElo "1769"]
[PlyCount "47"]
[EventDate "2019.08.16"]
[EventType "swiss"]
[EventRounds "9"]
[EventCountry "CAN"]

1. d4 Nf6 2. c4 c5 3. d5 e6 4. Nc3 exd5 5. cxd5 d6 6. e4 g6 7. Be2 Bg7 8. Nf3
O-O 9. O-O Re8 10. Qc2 Na6 11. a3 Nc7 12. h3 a6 13. a4 b6 14. Bf4 Rb8 15. Rfd1
b5 16. axb5 axb5 17. e5 Nh5 18. Bh2 Bf8 19. g4 Ng7 20. Ne4 dxe5 21. d6 Na6 22.
Bxe5 Rxe5 23. Nxe5 f6 24. Nc6 1-0

[Event "NAYCC U14"]
[Site "Kingston CAN"]
[Date "2019.08.18"]
[Round "6.128"]
[White "Richard, Leo"]
[Black "De Costa, Benjamin"]
[Result "1-0"]
[WhiteElo "1940"]
[BlackElo "1332"]
[PlyCount "69"]
[EventDate "2019.08.16"]
[EventType "swiss"]
[EventRounds "9"]
[EventCountry "CAN"]

1. d4 Nf6 2. Nf3 g6 3. g3 Bg7 4. Bg2 O-O 5. O-O d5 6. c4 c6 7. b3 Nbd7 8. Bb2
Qc7 9. Nc3 dxc4 10. bxc4 Nb6 11. Qd3 Rd8 12. Rac1 Bh6 13. Rc2 Be6 14. d5 Rac8
15. Nd4 c5 16. Ncb5 Qb8 17. dxe6 fxe6 18. Bh3 cxd4 19. Bxe6+ Kg7 20. Bxc8 Qxc8
21. Nxd4 Rd6 22. c5 Rxd4 23. Qxd4 Nbd5 24. Qxd5 Kf8 25. Bxf6 exf6 26. Qd6+ Kg7
27. Qe7+ Kg8 28. Rd1 Bf8 29. Rd8 Qxd8 30. Qxd8 Kg7 31. c6 bxc6 32. Rxc6 Bb4 33.
Qxf6+ Kh6 34. Rc4 Be7 35. Rh4# 1-0

[Event "NAYCC U14"]
[Site "Kingston CAN"]
[Date "2019.08.18"]
[Round "6.129"]
[White "Gao, Raymond"]
[Black "Mai, Deren"]
[Result "1-0"]
[WhiteElo "2136"]
[BlackElo "1277"]
[PlyCount "79"]
[EventDate "2019.08.16"]
[EventType "swiss"]
[EventRounds "9"]
[EventCountry "CAN"]

1. e4 c5 2. Nf3 Nc6 3. Bb5 e6 4. Bxc6 bxc6 5. O-O d5 6. d3 Nf6 7. Nc3 Be7 8. b3
O-O 9. Ba3 c4 10. Bb2 cxd3 11. cxd3 c5 12. Qc2 Bb7 13. Rac1 Rc8 14. Rfd1 a6 15.
Nd2 Qc7 16. Na4 Nd7 17. exd5 exd5 18. d4 Bd6 19. Nf3 Bf4 20. Rb1 c4 21. Ba3
Rfe8 22. Bc5 cxb3 23. Qxb3 Bc6 24. g3 Bxa4 25. Qxa4 Nxc5 26. dxc5 Bh6 27. Rxd5
g6 28. Qxa6 Bf8 29. Rb7 Qc6 30. Qxc6 Rxc6 31. Rdd7 Rxc5 32. Rxf7 h6 33. Rf6 g5
34. h4 gxh4 35. Nxh4 Ra5 36. Nf5 Rxa2 37. Rg6+ Kh8 38. Nxh6 Re1+ 39. Kg2 Ree2
40. Rg8# 1-0